MARC details
| 000 -LEADER |
| fixed length control field |
01092nam a22002537a 4500 |
| 003 - CONTROL NUMBER IDENTIFIER |
| control field |
OSt |
| 005 - DATE AND TIME OF LATEST TRANSACTION |
| control field |
20251103092453.0 |
| 008 - FIXED-LENGTH DATA ELEMENTS--GENERAL INFORMATION |
| fixed length control field |
251014b |||||||| |||| 00| 0 eng d |
| 040 ## - CATALOGING SOURCE |
| Transcribing agency |
0 |
| 082 ## - DEWEY DECIMAL CLASSIFICATION NUMBER |
| Classification number |
DPer 371.91 J826 July-October 2022 v. 27 n. 3-4 |
| 100 ## - MAIN ENTRY--PERSONAL NAME |
| Personal name |
Rudge, Amanda M. |
| Relator term |
author. |
| 9 (RLIN) |
68843 |
| 245 ## - TITLE STATEMENT |
| Title |
Vocabulary outcomes for 5-year-old children who are deaf or hard of hearing : |
| Statement of responsibility, etc. |
Amanda M. Rudge, Jennifer Coto, Monika-MariaOster, Betsy Moog Brooks, Uma Soman, Ronda Rufsvold, and Ivette Cejas. |
| 260 ## - PUBLICATION, DISTRIBUTION, ETC. (IMPRINT) |
| Place of publication, distribution, etc. |
USA ; |
| Name of publisher, distributor, etc. |
Oxford University Press , |
| Date of publication, distribution, etc. |
July 2022. |
| 300 ## - PHYSICAL DESCRIPTION |
| Extent |
Volume 27, pages 262-268 : |
| Other physical details |
illustration ; |
| Dimensions |
28 cm. |
| 500 ## - GENERAL NOTE |
| General note |
Journal of Deaf Studies and Deaf Education, vol. 37, no. 3, pages 262-268, July 2022. |
| 700 ## - ADDED ENTRY--PERSONAL NAME |
| Personal name |
Rudge, Amanda M. |
| Relator term |
author. |
| 9 (RLIN) |
68843 |
| 710 ## - ADDED ENTRY--CORPORATE NAME |
| Corporate name or jurisdiction name as entry element |
Coto, Jennifer. |
| Relator term |
author. |
| 9 (RLIN) |
68844 |
| 711 ## - ADDED ENTRY--MEETING NAME |
| Meeting name or jurisdiction name as entry element |
Oster, Monika-Maria. |
| Relator term |
author. |
| 9 (RLIN) |
68845 |
| 711 ## - ADDED ENTRY--MEETING NAME |
| Meeting name or jurisdiction name as entry element |
Brooks, Betsy Moog . |
| Relator term |
author. |
| 9 (RLIN) |
68856 |
| 711 ## - ADDED ENTRY--MEETING NAME |
| Meeting name or jurisdiction name as entry element |
Soman, Uma. |
| Relator term |
author. |
| 9 (RLIN) |
68857 |
| 711 ## - ADDED ENTRY--MEETING NAME |
| Meeting name or jurisdiction name as entry element |
Rufsvold, Ronda. |
| Relator term |
author. |
| 9 (RLIN) |
68858 |
| 711 ## - ADDED ENTRY--MEETING NAME |
| Meeting name or jurisdiction name as entry element |
Cejas, Ivette. |
| Relator term |
author. |
| 9 (RLIN) |
68859 |
| 942 ## - ADDED ENTRY ELEMENTS (KOHA) |
| Source of classification or shelving scheme |
Dewey Decimal Classification |
| Koha item type |
Periodicals |